Valtioita kuvien mukaan #3 - Statistics

Yleistilastot
  • Tätä visaa on pelattu 1 107 kertaa
  • Keskiarvotulos 9 / 15
Vastaustilastot
Kuvavisa Vastaus % Oikein
Yhdysvallat
88%
Ranska
86%
Alankomaat
78%
Espanja
76%
Vatikaanivaltio
74%
Tansania | Kenia
72%
Itävalta
64%
Jordania
57%
Unkari
54%
Kuuba
50%
Kroatia
45%
Irlanti
44%
Iran
41%
Argentiina
38%
Taiwan
33%
Ehtoja vastaavia visoja ei löytynyt
Tulosjakauma
Jokaisen tuloksen saaneiden osuus
Persentiili vastausten määrän mukaan
Tuloshistoriasi
Et ole pelannut tätä visaa